Представление документа в формате RUSMARC

ПолеНазваниеЗначение
  Тип записи a
  Библиографический уровень a
001 Контрольный номер UONB/MAIN/923ea562c8464a2884b1b183e8fc81ce
005 Дата корректировки 20260423104325.8
100 Данные общей обработки __
a Данные общей обработки 20260423 ||| 0rusy0189 ca
101 Язык документа 0_
a Язык текста rus
102 Страна публикации __
a Страна публикации RU
200 Заглавие и сведения об ответственности 1_
a Заглавие Её руки не знали игрушек
f Первые сведения об ответственности Е. Лукьянова
203 Вид содержания и тип средства __
a Вид содержания Текст
b Характеристика содержания визуальный
c Тип средства непосредственный
215 Физическое описание __
c Иллюстрации/тип воспроизводства ил., портр.
330 Аннотация __
a Аннотация Биография Екатерины Савельевны Ёлчевой, ребенка войны, жительницы с. Аргаш.
461 Уровень набора _0
1 2000
a Вперёд
463 Уровень физической единицы _0
1 2000
a № 15 (11338) (10 апреля)
v С. 5
1 2101
d 2026
1 001UONB/MAIN/b56942a6513e402994b86ea7e8c6e2ad
600 Персоналии _1
a Персоналии (Фамилия) Ёлчева
b Персоналии (Имя, инициалы) Е. С.
g Полное имя Екатерина Савельевна
607 Географические рубрики __
a Географическое наименование Аргаш, село (Инзенский район ; Ульяновская область)
610 Ключевые слова 0_
a Ключевые слова дети войны; воспоминания о войне
686 Индексы других классификаций __
2 Код системы rubbk
a Классификационный индекс 63.372.2
700 Автор _1
a Фамилия Лукьянова
b Имя (инициалы) Е.
g Полное личное имя Екатерина
801 Источник записи _0
a Страна RU
b Организация Ульяновская ОНБ
c Дата составления 20260423
g Правила каталогизации RCR
801 Источник записи _1
a Страна RU
b Организация Ульяновская ОНБ
c Дата составления 20260423
g Правила каталогизации RCR
901 Тип документа __
t Тип документа f
w Контрольный № источника UONB/MAIN/b56942a6513e402994b86ea7e8c6e2ad
909 Создатель записи __
a Создатель записи Мухаметжанова
b Дата создания записи 20260423